Sociologie des élites (notice n° 1566552)

détails MARC
000 -LEADER
fixed length control field 01360cam a2200133 4500500
005 - DATE AND TIME OF LATEST TRANSACTION
control field 20251214001915.0
041 ## - LANGUAGE CODE
Language code of text/sound track or separate title fre
042 ## - AUTHENTICATION CODE
Authentication code dc
100 10 - MAIN ENTRY--PERSONAL NAME
Personal name Genieys, William
Relator term author
245 00 - TITLE STATEMENT
Title Sociologie des élites
260 ## - PUBLICATION, DISTRIBUTION, ETC.
Name of publisher, distributor, etc. Armand Colin,<br/>
Date of publication, distribution, etc. 2011.<br/>
520 ## - SUMMARY, ETC.
Summary, etc. Le terme « élite » initialement valorisant a été progressivement dévalué par les soubresauts de l’histoire et les héritages idéologiques. Mais loin de désigner une simple opposition de « classes », une sociologie des élites peut permettre, en se dégageant de la prégnance des faits politico-économiques et du poids de l’histoire, de comprendre les changements politiques et la structuration institutionnelle des pouvoirs. Comblant le retard français en ce domaine, qui a souvent assimilé la réflexion sur les élites aux théories réactionnaires, cet ouvrage propose d’articuler une « vieille » théorie et sa « nouvelle » sociologie. Loin de céder à la tentation « oligarchiste » suscitée par le populisme ambiant, l’auteur nous propose ici un état des lieux des savoirs et des courants de la sociologie des élites pour une meilleure compréhension des dynamiques politiques et du fonctionnement des institutions d’État.
856 41 - ELECTRONIC LOCATION AND ACCESS
Uniform Resource Identifier <a href="https://shs.cairn.info/sociologie-politique-des-elites--9782200268534?lang=fr&redirect-ssocas=7080">https://shs.cairn.info/sociologie-politique-des-elites--9782200268534?lang=fr&redirect-ssocas=7080</a>

Pas d'exemplaire disponible.

PLUDOC

PLUDOC est la plateforme unique et centralisée de gestion des bibliothèques physiques et numériques de Guinée administré par le CEDUST. Elle est la plus grande base de données de ressources documentaires pour les Étudiants, Enseignants chercheurs et Chercheurs de Guinée.

Adresse

627 919 101/664 919 101

25 boulevard du commerce
Kaloum, Conakry, Guinée

Réseaux sociaux

Powered by Netsen Group @ 2025